| 000 | 00325nam a22001217a 4500 | ||
|---|---|---|---|
| 020 | _a1586537022 | ||
| 082 |
_222 _a658.478 |
||
| 100 | _aPurser, Steve. | ||
| 245 | _aA practical guide to managing information security . | ||
| 260 |
_aLondon, _bArtech House, _cc2004. |
||
| 300 |
_axvii, 259p. ; _bill. ; _c26 cm. |
||
| 942 |
_2ddc _cIT |
||
| 999 |
_c2227 _d2227 |
||